[Event "GER-ch Net blitz qual2"]
[Site "Playchess.com INT"]
[Date "2021.05.04"]
[Round "11"]
[White "Erler, Rainer"]
[Black "Palme, Holger"]
[Result "1/2-1/2"]
[WhiteElo "1729"]
[BlackElo "1854"]
[PlyCount "71"]
[EventDate "2021.05.04"]
[EventType "swiss (blitz)"]
[EventRounds "11"]
[EventCountry "GER"]
[SourceTitle "CBM 202 Extra"]
[Source "ChessBase"]
[SourceDate "2021.07.31"]
[SourceVersion "1"]
[SourceVersionDate "2021.07.31"]
[SourceQuality "1"]

1. e4 c6 2. d4 d5 3. e5 c5 4. c4 Nc6 5. Nf3 Bg4 6. cxd5 Bxf3 7. gxf3 Qxd5 8. Nc3 Qxd4 9. Be3 Qxe5 10. Bb5 Qc7 11. Qa4 e6 12. Bxc6+ Qxc6 13. Qxc6+ bxc6 14. Ne4 Nf6 15. Nxc5 0-0-0 16. Rc1 Nd5 17. Ke2 Bxc5 18. Bxc5 Kb7 19. Rc4 e5 20. Rd1 f6 21. Rdc1 Rhe8 22. b4 a6 23. a4 Nf4+ 24. Kf1 Nd3 25. R1c2 Nxc5 26. Rxc5 Re6 27. Ke2 Rd4 28. b5 axb5 29. axb5 cxb5 30. Rxb5+ Rb6 31. Rbc5 Rd7 32. R5c3 Rbd6 33. Rb3+ Rb6 34. Rbc3 Ka7 35. Ra3+ Kb7 36. Rac3 1/2-1/2

[Event "GER-ch Net blitz qual2"]
[Site "Playchess.com INT"]
[Date "2021.05.04"]
[Round "5"]
[White "Majcan, Tom"]
[Black "Erler, Rainer"]
[Result "0-1"]
[WhiteElo "1620"]
[BlackElo "1729"]
[PlyCount "112"]
[EventDate "2021.05.04"]
[EventType "swiss (blitz)"]
[EventRounds "11"]
[EventCountry "GER"]
[SourceTitle "CBM 202 Extra"]
[Source "ChessBase"]
[SourceDate "2021.07.31"]
[SourceVersion "1"]
[SourceVersionDate "2021.07.31"]
[SourceQuality "1"]

1. d4 d5 2. c4 e6 3. Nf3 c5 4. Nc3 Nc6 5. e3 Nf6 6. Bd3 a6 7. a4 Nb4 8. Be2 Bd7 9. 0-0 Rb8 10. b3 Ne4 11. Nxe4 dxe4 12. Ne5 f6 13. Nxd7 Qxd7 14. Bh5+ g6 15. Be2 Rd8 16. Ba3 cxd4 17. Bxb4 Bxb4 18. exd4 Qxd4 19. Qxd4 Rxd4 20. Rfd1 e5 21. h3 Ke7 22. Rxd4 exd4 23. Rd1 Rd8 24. f3 d3 25. Bf1 Bc5+ 26. Kh2 d2 27. fxe4 Ke6 28. Be2 Ke5 29. Bf3 Kf4 30. h4 Bf2 31. Kh3 Be1 32. b4 Rd4 33. e5 fxe5 34. Bxb7 Rxc4 35. Bxa6 Rxb4 36. Bb5 Ke3 37. Bd7 Rc4 38. Bg4 Rxg4 39. Kxg4 Ke2 40. Ra1 d1Q 41. Rxd1 Kxd1 42. Kf3 Kd2 43. Ke4 Ke2 44. Kxe5 Kf2 45. Kf6 Kxg2 46. Kg7 Bxh4 47. Kxh7 g5 48. Kg6 g4 49. Kf5 Kf3 50. a5 Bd8 51. a6 Bb6 52. Ke6 g3 53. Kd6 g2 54. Kc6 Be3 55. Kd5 g1Q 56. Ke5 Qa1+ 0-1

[Event "DSOL 02 Liga Gr-C 1st"]
[Site "Playchess.com INT"]
[Date "2020.07.09"]
[Round "3.2"]
[White "Einwiller, Dieter"]
[Black "Erler, Rainer"]
[Result "1/2-1/2"]
[WhiteElo "2047"]
[BlackElo "2020"]
[PlyCount "102"]
[EventDate "2020.06.22"]
[EventType "team-tourn (rapid)"]
[EventCountry "GER"]
[SourceTitle "EXT 2021"]
[Source "ChessBase"]
[SourceDate "2020.10.23"]
[SourceVersion "1"]
[SourceVersionDate "2020.10.23"]
[SourceQuality "1"]
[WhiteTeam "Pfullingen"]
[BlackTeam "Dessau"]
[WhiteTeamCountry "GER"]
[BlackTeamCountry "GER"]

1. d4 d5 2. Nf3 c5 3. e3 Nc6 4. c4 e6 5. Nc3 Nf6 6. cxd5 exd5 7. Be2 Be6 8. 0-0 c4 9. Ne5 Nxe5 10. dxe5 Ne4 11. Nxe4 dxe4 12. Qc2 Qd5 13. Rd1 Qxe5 14. Bxc4 Bd6 15. Bb5+ Ke7 16. Rxd6 Qxd6 17. Bd2 Rhd8 18. Bc3 Qd5 19. Bb4+ Kf6 20. Be2 Rac8 21. Bc3+ Kg6 22. Rd1 Qc6 23. Rxd8 Rxd8 24. f3 f5 25. fxe4 Qxe4 26. Qxe4 fxe4 27. a3 a6 28. Bd4 Rc8 29. Bc3 Bc4 30. Bg4 Rf8 31. h4 h5 32. Bh3 Kh6 33. Kh2 g5 34. hxg5+ Kxg5 35. Be5 h4 36. Bd6 Rf2 37. Be5 Be2 38. Bc8 Rf7 39. Kh3 Rf1 40. Kh2 b6 41. Bd6 Kf6 42. Bc7 Rc1 43. Bd8+ Kf7 44. Bf5 Bd3 45. Bxb6 Rc2 46. Bd4 Bf1 47. Bxe4 Rd2 48. Kh3 Ke6 49. Bc3 Re2 50. Bd4 Rd2 51. Bc3 Re2 1/2-1/2

[Event "Sachsen-Anhalt Verbandsliga 1920"]
[Site "Sachsen Anhalt"]
[Date "2020.03.01"]
[Round "6.5"]
[White "Dietz, Kristin"]
[Black "Erler, Rainer"]
[Result "0-1"]
[WhiteElo "1919"]
[BlackElo "2024"]
[PlyCount "132"]
[EventDate "2019.09.29"]
[EventType "team-tourn"]
[EventRounds "9"]
[EventCountry "GER"]
[SourceTitle "EXT 2023"]
[Source "ChessBase"]
[SourceDate "2022.10.05"]
[SourceVersion "1"]
[SourceVersionDate "2022.10.05"]
[SourceQuality "1"]
[WhiteTeam "Halle USV II"]
[BlackTeam "Dessau"]
[WhiteTeamCountry "GER"]
[BlackTeamCountry "GER"]

1. e4 e5 2. Nf3 Nc6 3. Bb5 a6 4. Ba4 d6 5. 0-0 Bd7 6. c3 g6 7. d4 Bg7 8. Re1 Nf6 9. Bxc6 Bxc6 10. dxe5 Nxe4 11. exd6 0-0 12. dxc7 Qxc7 13. Nbd2 Rad8 14. Qc2 f5 15. Nb3 Ba4 16. Ng5 Qc4 17. Nxe4 fxe4 18. Bg5 Rde8 19. Rad1 Rf5 20. h4 Rb5 21. f3 h6 22. Bf4 Qf7 23. Rxe4 Rxe4 24. Qxe4 Bxb3 25. axb3 Rxb3 26. h5 Rb6 27. hxg6 Qxg6 28. Qxg6 Rxg6 29. Rd6 Rxd6 30. Bxd6 Kf7 31. Kf2 Ke6 32. Bf4 Kd5 33. Bc1 Kc4 34. f4 Kd3 35. f5 Kc2 36. Be3 Kxb2 37. Bd4 Bf8 38. Ke3 Kb3 39. Ke4 Kc4 40. Bb6 Kb5 41. Bd8 Kc6 42. Ke5 Kd7 43. Ba5 Ke7 44. f6+ Kf7 45. g4 Bc5 46. c4 Be3 47. Bd8 b6 48. Kd6 a5 49. Kc6 a4 50. Kd5 a3 51. Bc7 Kxf6 52. Be5+ Kg5 53. Ke4 Bc1 54. Kd3 Bb2 55. Bxb2 axb2 56. Kc2 Kxg4 57. Kxb2 h5 58. Kb3 h4 59. Kb4 h3 60. Kb5 h2 61. Kxb6 h1Q 62. c5 Qa8 63. c6 Qc8 64. c7 Kf5 65. Kc6 Ke6 66. Kb6 Kd6 0-1

[Event "Sachsen-Anhalt Verbandsliga 1920"]
[Site "Sachsen Anhalt"]
[Date "2019.09.29"]
[Round "1.5"]
[White "Erler, Rainer"]
[Black "Fritsch, Andreas"]
[Result "1-0"]
[WhiteElo "2024"]
[BlackElo "1975"]
[PlyCount "73"]
[EventDate "2019.09.29"]
[EventType "team-tourn"]
[EventRounds "9"]
[EventCountry "GER"]
[SourceTitle "EXT 2023"]
[Source "ChessBase"]
[SourceDate "2022.10.05"]
[SourceVersion "1"]
[SourceVersionDate "2022.10.05"]
[SourceQuality "1"]
[WhiteTeam "Dessau"]
[BlackTeam "Naumburg"]
[WhiteTeamCountry "GER"]
[BlackTeamCountry "GER"]

1. e4 Nc6 2. d4 e5 3. dxe5 Nxe5 4. f4 Nc6 5. Nf3 Bb4+ 6. c3 Bc5 7. Bc4 Qe7 8. Qe2 d6 9. Be3 Bxe3 10. Qxe3 Nf6 11. Nbd2 0-0 12. 0-0 Na5 13. Rae1 Nxc4 14. Nxc4 Be6 15. Ncd2 a5 16. f5 Bd7 17. Qg5 h6 18. Qh4 Qd8 19. g4 Nh7 20. Qg3 a4 21. h4 f6 22. Rf2 Qe7 23. Qf4 Rfe8 24. Rg2 Ra5 25. Rge2 Qf7 26. c4 Rc5 27. b4 axb3 28. axb3 Ra5 29. b4 Ra4 30. b5 Qe7 31. Qe3 Rea8 32. Qd3 Qf7 33. Qd5 b6 34. Nd4 Nf8 35. N2f3 Ra3 36. Kf2 Rc3 37. Qxa8 1-0

[Event "Oberliga Ost-A 1718"]
[Site "Germany"]
[Date "2018.02.04"]
[Round "7.4"]
[White "Erler, Rainer"]
[Black "Fritsch, Andreas"]
[Result "1-0"]
[WhiteElo "2100"]
[BlackElo "2102"]
[PlyCount "117"]
[EventDate "2017.10.22"]
[EventType "team-tourn"]
[EventRounds "11"]
[EventCountry "GER"]
[SourceTitle "EXT 2019"]
[Source "ChessBase"]
[SourceDate "2018.10.10"]
[SourceVersion "1"]
[SourceVersionDate "2018.10.10"]
[SourceQuality "1"]
[WhiteTeam "Dessau"]
[BlackTeam "Naumburg"]
[WhiteTeamCountry "GER"]
[BlackTeamCountry "GER"]

1. e4 Nc6 2. Nf3 d6 3. d4 Nf6 4. Nc3 g6 5. h3 Bg7 6. Be3 0-0 7. Qd2 a6 8. d5 Nb8 9. Bh6 c6 10. Bxg7 Kxg7 11. 0-0-0 b5 12. dxc6 Nxc6 13. e5 dxe5 14. Qxd8 Rxd8 15. Rxd8 Nxd8 16. Nxe5 Bb7 17. Rg1 Nc6 18. Nxc6 Bxc6 19. Bd3 b4 20. Nd1 e5 21. g3 e4 22. Bc4 Nd7 23. Ne3 Nb6 24. Rd1 Nxc4 25. Nxc4 Rc8 26. Rd4 Rc7 27. Na5 Bb5 28. Rxb4 Bd3 29. c3 Rc5 30. Nb3 Rf5 31. Nd2 Rxf2 32. Nxe4 Rc2+ 33. Kd1 Bxe4 34. Rxe4 Rxb2 35. Ra4 Rb6 36. Kd2 f5 37. Rb4 Rd6+ 38. Ke3 Kf6 39. Rb7 h6 40. Rh7 Kg5 41. c4 Re6+ 42. Kd4 Re2 43. a4 Ra2 44. h4+ Kh5 45. Re7 Rxa4 46. Re3 Ra1 47. c5 Rd1+ 48. Rd3 Re1 49. c6 Re8 50. c7 Rc8 51. Rc3 Kg4 52. Ke5 g5 53. hxg5 Kxg5 54. Rc4 h5 55. Kd6 Rg8 56. Kd7 Rg7+ 57. Kc6 Rg8 58. Kb7 Rg7 59. Kb8 1-0

[Event "Oberliga Ost-A 1718"]
[Site "Germany"]
[Date "2017.11.12"]
[Round "3.3"]
[White "Erler, Rainer"]
[Black "Schnabel, Ralf"]
[Result "0-1"]
[WhiteElo "2100"]
[BlackElo "2225"]
[PlyCount "104"]
[EventDate "2017.10.22"]
[EventType "team-tourn"]
[EventRounds "11"]
[EventCountry "GER"]
[SourceTitle "EXT 2019"]
[Source "ChessBase"]
[SourceDate "2018.10.10"]
[SourceVersion "1"]
[SourceVersionDate "2018.10.10"]
[SourceQuality "1"]
[WhiteTeam "Dessau"]
[BlackTeam "Aue Nickelhuette II"]
[WhiteTeamCountry "GER"]
[BlackTeamCountry "GER"]

1. e4 Nf6 2. Nc3 d5 3. e5 Ne4 4. Nxe4 dxe4 5. d4 exd3 6. Qxd3 Qxd3 7. Bxd3 Nc6 8. Bf4 g5 9. Bxg5 Nxe5 10. Be4 Bg7 11. 0-0-0 Nc4 12. b3 Nd6 13. Bf3 e5 14. Ne2 h5 15. Rhe1 Bg4 16. Ng1 f6 17. Bd2 Bh6 18. h3 Bxd2+ 19. Rxd2 Bxf3 20. Nxf3 Kf7 21. c4 Rad8 22. Red1 Ke6 23. Nh4 Rhg8 24. f4 Rde8 25. Re2 b6 26. Rf1 e4 27. f5+ Kf7 28. Rf4 Rg3 29. Kd2 Rd3+ 30. Kc2 Rg3 31. Kd2 Reg8 32. Rff2 Rd3+ 33. Kc2 Rgg3 34. Rf4 a5 35. Rd2 Rc3+ 36. Kb2 a4 37. Rc2 Rcd3 38. bxa4 Rd4 39. c5 Nc4+ 40. Kc1 bxc5 41. a5 Ra3 42. Ng6 Rxa5 43. g4 Ne3 44. Rd2 Rc4+ 45. Kb1 hxg4 46. hxg4 Rb4+ 47. Kc1 Rc4+ 48. Kb1 Nd5 49. Rf1 Rb5+ 50. Ka1 Rd4 51. Rb2 Rxb2 52. Kxb2 e3 0-1

[Event "Sachsen-Anhalt-ch 26th"]
[Site "Magdeburg"]
[Date "2016.05.05"]
[Round "2"]
[White "Pallas, Sebastian"]
[Black "Erler, Rainer"]
[Result "1-0"]
[WhiteElo "2225"]
[BlackElo "2116"]
[PlyCount "79"]
[EventDate "2016.05.05"]
[EventType "tourn"]
[EventRounds "7"]
[EventCountry "GER"]
[SourceTitle "EXT 2017"]
[Source "ChessBase"]
[SourceDate "2016.10.25"]
[SourceVersion "1"]
[SourceVersionDate "2016.10.25"]
[SourceQuality "1"]

1. e4 e5 2. Nf3 Nc6 3. d4 exd4 4. Nxd4 Bc5 5. Nxc6 bxc6 6. Bd3 Qh4 7. 0-0 Nf6 8. Qf3 0-0 9. Bf4 d6 10. Qg3 Qxg3 11. Bxg3 Re8 12. Nd2 Rb8 13. Nb3 Bb6 14. Rfe1 Nh5 15. e5 d5 16. c4 Nxg3 17. hxg3 dxc4 18. Bxc4 Be6 19. Rac1 Bd5 20. Bxd5 cxd5 21. Re2 Rbd8 22. Nc5 d4 23. Nd3 Rd5 24. Kf1 Re6 25. f4 Rh6 26. Kf2 Kf8 27. Kf3 Ke7 28. g4 Ra5 29. b3 Kd7 30. f5 g5 31. f6 Rh4 32. Kg3 Rd5 33. e6+ fxe6 34. f7 Ke7 35. Rf1 Rd8 36. Re5 h5 37. Rxg5 Rxg4+ 38. Rxg4 hxg4 39. Ne5 Bc5 40. Nc6+ 1-0

[Event "Oberliga Ost-A 1516"]
[Site "Germany"]
[Date "2016.01.17"]
[Round "7.3"]
[White "Erler, Rainer"]
[Black "Guenther, Christian1111"]
[Result "0-1"]
[WhiteElo "2140"]
[BlackElo "2145"]
[PlyCount "60"]
[EventDate "2015.09.20"]
[EventType "team-tourn"]
[EventRounds "11"]
[EventCountry "GER"]
[SourceTitle "EXT 2017"]
[Source "ChessBase"]
[SourceDate "2016.10.25"]
[SourceVersion "1"]
[SourceVersionDate "2016.10.25"]
[SourceQuality "1"]
[WhiteTeam "Dessau"]
[BlackTeam "Sangerhausen"]
[WhiteTeamCountry "GER"]
[BlackTeamCountry "GER"]

1. e4 Nf6 2. e5 Nd5 3. d4 d6 4. f4 dxe5 5. fxe5 Nc6 6. a3 Bf5 7. Nf3 e6 8. Be2 Be7 9. 0-0 0-0 10. c4 Nb6 11. Be3 Qd7 12. b4 a6 13. Nc3 Bg4 14. Ra2 Rad8 15. Rd2 Qc8 16. Ne4 Nd7 17. Nf2 Bh5 18. g4 Bg6 19. Bd3 Bxd3 20. Nxd3 f6 21. Nf4 Nb6 22. Qb3 fxe5 23. dxe5 Rxd2 24. Bxd2 Qd7 25. Be3 Rd8 26. c5 Nd5 27. Rd1 h6 28. h3 Bf8 29. Ng6 Qf7 30. Bf2 Qxg6 0-1

[Event "Oberliga Ost-A 1516"]
[Site "Germany"]
[Date "2016.01.16"]
[Round "6.2"]
[White "Erler, Rainer"]
[Black "Gara, Anita"]
[Result "0-1"]
[WhiteElo "2140"]
[BlackElo "2307"]
[PlyCount "50"]
[EventDate "2015.09.20"]
[EventType "team-tourn"]
[EventRounds "11"]
[EventCountry "GER"]
[SourceTitle "EXT 2017"]
[Source "ChessBase"]
[SourceDate "2016.10.25"]
[SourceVersion "1"]
[SourceVersionDate "2016.10.25"]
[SourceQuality "1"]
[WhiteTeam "Dessau"]
[BlackTeam "Loeberitz"]
[WhiteTeamCountry "GER"]
[BlackTeamCountry "GER"]

1. e4 c5 2. b3 b6 3. Nc3 Bb7 4. Bb2 e6 5. Nf3 Nc6 6. Bb5 Nd4 7. Bd3 Nf6 8. 0-0 Be7 9. Nxd4 cxd4 10. Nb5 e5 11. f4 d6 12. Qe2 0-0 13. fxe5 dxe5 14. Rf5 a6 15. Na3 Qc7 16. c3 dxc3 17. dxc3 Rad8 18. Re1 Bc5+ 19. Kh1 Rxd3 20. Qxd3 Bxe4 21. Rxe4 Rd8 22. Rd4 exd4 23. cxd4 Ng4 24. g3 g6 25. Rf4 Qxf4 0-1

[Event "Oberliga Ost-A 1213"]
[Site "Germany"]
[Date "2012.11.11"]
[Round "3.3"]
[White "Erler, Rainer"]
[Black "Hoffmann, Hendrik"]
[Result "1-0"]
[WhiteElo "2161"]
[BlackElo "2259"]
[PlyCount "71"]
[EventDate "2012.10.14"]
[EventType "team-tourn"]
[EventRounds "11"]
[EventCountry "GER"]
[SourceTitle "EXT 2014"]
[Source "ChessBase"]
[SourceDate "2013.11.20"]
[SourceVersion "1"]
[SourceVersionDate "2013.11.20"]
[SourceQuality "1"]
[WhiteTeam "Dessau"]
[BlackTeam "Leipzig SG II"]
[WhiteTeamCountry "GER"]
[BlackTeamCountry "GER"]

1. e4 d6 2. d4 Nf6 3. Nc3 g6 4. f3 Bg7 5. Be3 0-0 6. Qd2 e5 7. d5 c6 8. 0-0-0 cxd5 9. Nxd5 Nxd5 10. exd5 a5 11. h4 Na6 12. h5 Qc7 13. Rh4 Nc5 14. Kb1 b5 15. Bxb5 Rb8 16. a4 Bf5 17. Rc4 Rxb5 18. axb5 Qb6 19. g4 Bd7 20. h6 Bh8 21. Rxc5 dxc5 22. c4 e4 23. Qf2 Rc8 24. g5 exf3 25. Nxf3 a4 26. Ka2 Bf5 27. Ne1 a3 28. b3 Qd6 29. Bf4 Qe7 30. Qe3 Qd7 31. Nf3 Bg4 32. Re1 Bxf3 33. Qxf3 Qf5 34. Qe4 f6 35. Qxf5 gxf5 36. b6 1-0